000 00280nam a2200109Ia 4500
008 190914s9999||||xx |||||||||||||| ||und||
100 _aLexicon Publications
245 0 _aLexicon Universal Encyclopedia
260 _aUSA
_bLexicon Publications
_c1992
300 _a236
942 _cBK
999 _c9215
_d9215